[Event "CHI-chT"]
[Site "Santiago de Chile"]
[Date "2012.12.20"]
[Round "9"]
[White "Romero, Diego"]
[Black "Dussaubat Pedersen, Nelson"]
[Result "1-0"]
[WhiteElo "2204"]
[BlackElo "2182"]
[PlyCount "69"]
[EventDate "2012.11.22"]
[EventType "team-tourn"]
[EventRounds "9"]
[EventCountry "CHI"]
[SourceTitle "EXT 2014"]
[Source "ChessBase"]
[SourceDate "2013.11.20"]
[SourceVersion "1"]
[SourceVersionDate "2013.11.20"]
[SourceQuality "1"]

1. e4 e5 2. Nc3 c5 3. Nf3 Nc6 4. Bc4 Be7 5. d3 Nf6 6. Nd2 d6 7. Nf1 Bg4 8. f3 Be6 9. Ne3 Rb8 10. 0-0 0-0 11. a4 a6 12. Bd2 Qd7 13. a5 Bd8 14. Na4 Ne7 15. c3 Qc6 16. b4 cxb4 17. cxb4 d5 18. exd5 Nfxd5 19. Nxd5 Bxd5 20. Qe2 Bc7 21. f4 Ng6 22. Bxd5 Qxd5 23. Rac1 Rbc8 24. Rc4 Nxf4 25. Bxf4 exf4 26. Qc2 Qd7 27. Nc5 Qg4 28. Nxb7 Bb8 29. Nc5 Rce8 30. Qf2 Re3 31. Nxa6 Rxd3 32. Nxb8 Rxb8 33. Rxf4 Qe6 34. Rxf7 Qxf7 35. Qxf7+ 1-0

[Event "CHI-chT"]
[Site "Santiago de Chile"]
[Date "2012.11.22"]
[Round "1"]
[White "Merello Ramirez, Marcelo"]
[Black "Dussaubat Pedersen, Nelson"]
[Result "1-0"]
[WhiteElo "1867"]
[BlackElo "2182"]
[PlyCount "53"]
[EventDate "2012.11.22"]
[EventType "team-tourn"]
[EventRounds "9"]
[EventCountry "CHI"]
[SourceTitle "EXT 2014"]
[Source "ChessBase"]
[SourceDate "2013.11.20"]
[SourceVersion "1"]
[SourceVersionDate "2013.11.20"]
[SourceQuality "1"]

1. c4 c5 2. g3 e5 3. Bg2 Nc6 4. Nc3 g6 5. e3 Bg7 6. Nge2 Nge7 7. 0-0 0-0 8. d3 d6 9. b3 Rb8 10. Bb2 Be6 11. Nd5 Qd7 12. Re1 Bh3 13. Bh1 Bg4 14. Qd2 Nxd5 15. Bxd5 Ne7 16. Bg2 d5 17. cxd5 Nxd5 18. d4 Nc7 19. d5 Rfd8 20. e4 Nb5 21. f4 f6 22. Nc1 Nd4 23. Nd3 b6 24. Bxd4 cxd4 25. Nf2 Bh5 26. fxe5 fxe5 27. Bh3 1-0